00306nam a22001337a 4500008004100000020001800041041000800059080000800067100000700075101000800082245005300090942001200143999001700155181126b xxu||||| |||| 00| 0 eng d a9781585913725 aeng a510 a37 aMAT aMath Connections Advanced AlgebracWood.e..e 2udccBK c52489d52489